000 00354nam a2200121Ia 4500
008 220217s9999||||xx |||||||||||||| ||und||
082 _a621.381 PRA
100 _aPrakash, R
_93451
245 0 _aDigital electronics: electrical and electronics engineering
260 _aSpectrum publication
_bBangalore
_c2000
300 _b85
650 _aELECTRONICS
999 _c171944
_d171944